| 000 | 00601nam a22002057a 4500 | ||
|---|---|---|---|
| 003 | OSt | ||
| 005 | 20220407122715.0 | ||
| 008 | 110301s2019 dr c 000 0 spa d | ||
| 020 | _a9789945494525 | ||
| 040 |
_aDO-SdBNP _bspa _cBNPHU |
||
| 082 |
_axxxx _bU15a |
||
| 100 | 1 |
_aUbiñas, Karina _953018 |
|
| 245 | 1 | 0 |
_aAmapola es un cuento (teatro) / _cKarina Ubiñas |
| 260 |
_aSanto Domingo : _bBIJRD, _c2019. |
||
| 300 |
_a58 p. : _bretr. _c21 cm. |
||
| 590 | _aInventariado, 2022/ YL | ||
| 710 | 2 |
_aBiblioteca Infantil Juvenil República Dominicana _981430 |
|
| 910 | _aYLockward | ||
| 942 |
_2ddc _cLBS1 |
||
| 999 |
_c51495 _d51495 |
||